000 00778cam a2200241 a 4500
001 2540282
005 20180308034630.0
008 940210s1994 mdua b 001 0 eng c
010 _a 94006101
020 _a0683078992
040 _aDNLM/DLC
_cDLC
_dDLC
041 _aeng
060 1 0 _aWP 145 P895 1994
080 _a616.99465 BER
082 0 0 _a616.99465 BER
_220
100 _a10
101 _aGJIN
245 0 0 _aPractical gynecologic oncology /
_c[edited by] Jonathan S. Berek, Neville F. Hacker.
504 _aIncludes bibliographical references and index.
906 _a7
_bcbc
_corignew
_d1
_eocip
_f19
_gy-gencatlg
942 _2ddc
_cBK
999 _c44389
_d44389